A catalogue of sculptures from the Santuary of Diana Nemorensis: in the University of Pennsylvania Museum, Philadelphia

Guardat en:
Dades bibliogràfiques
Autor principal: Guldager Bilde, Pía (Autor)
Altres autors: Moltesen, Mette (autora)
Format: Llibre
Idioma:anglès
Publicat: Roma LïERMA 2002
Col·lecció:Analecta Romana Instituti Danici. Supplementum; 29
Matèries:
Etiquetes: Afegir etiqueta
Sense etiquetes, Sigues el primer a etiquetar aquest registre!

MARC

LEADER 00000nam a2200000 a 4500
001 UCL6689
003 CL-VaPUC
008 040416e20020000IT |||||||||||||||||eng|d
020 |a 8882652114 
082 0 4 |a 731.4  |b GUL  |2 21 
100 0 |a Guldager Bilde, Pía  |e author  |9 484354 
700 |a Moltesen, Mette  |e autora  |9 530641 
245 1 2 |a A catalogue of sculptures from the Santuary of Diana Nemorensis: in the University of Pennsylvania Museum, Philadelphia 
300 |a 95 p 
942 |c BK 
945 |d 20040416 00:00:00  |a cmena 
260 |a Roma  |b LïERMA  |c 2002 
650 0 |a Museos  |9 269209 
650 0 |a Esculturas  |9 344688 
651 7 |a FILADELFIA  |2 CL-VaPUC  |9 484356 
583 |a last modification  |c 20040416 00:00:00  |k Rodrigo Vera 
490 0 |a Analecta Romana Instituti Danici. Supplementum; 29 
999 |c 308678  |d 308676 
952 |0 0  |1 0  |4 0  |6 731_400000000000000_GUL_2002  |7 0  |8 A  |9 375361  |a BIBHIS  |b BIBHIS  |d 2019-11-21  |i 3967085  |o 731.4 GUL 2002  |p 3967085  |r 2025-01-20  |w 2019-11-21  |y BK  |k HIS